LIBRARY & INFORMATION CENTRE, KCAET, TAVANUR

ONLINE PUBLIC ACCESS CATALOGUE (OPAC)

Fundamentals of plant pathology / (Record no. 10181)

MARC details
000 -LEADER
fixed length control field 00481cam a2200193ua 4500
041 ## - LANGUAGE CODE
Language code of text/sound track or separate title eng
082 ## - DEWEY DECIMAL CLASSIFICATION NUMBER
Classification number 581.2
Item number PAT/FU
100 ## - MAIN ENTRY--AUTHOR NAME
Personal name Pathak, V N .
245 ## - TITLE STATEMENT
Title Fundamentals of plant pathology /
250 ## - EDITION STATEMENT
Edition statement 1 /
260 ## - PUBLICATION, DISTRIBUTION, ETC. (IMPRINT)
Place of publication :
Name of publisher Agro botanical publishers ,
Year of publication 1996.
300 ## - PHYSICAL DESCRIPTION
Number of Pages 356 ; .
500 ## - GENERAL NOTE
General note **Reference
700 1# - ADDED ENTRY--PERSONAL NAME
Personal name Khatri, N K .
700 1# - ADDED ENTRY--PERSONAL NAME
Personal name Pathak, Manish .
942 ## - ADDED ENTRY ELEMENTS (KOHA)
Koha item type Books
Holdings
Withdrawn status Lost status Damaged status Home library Current library Date acquired Full call number Accession Number Koha item type
      KAUAET KAUAET 07/04/2012 581.2 19745 Reference
free website counter